000 04042namaa22004331i 4500
003 EG-GICUC
005 20260422130410.0
008 260408s2025 ua a|||frm||| 000 0 eng d
040 _aEG-GICUC
_beng
_cEG-GICUC
_dEG-GICUC
_erda
041 0 _aeng
_beng
_bara
049 _aDeposit
082 0 4 _a624.1
092 _a624.1
_221
097 _aM.Sc
099 _aCai01.13.05.M.Sc.2025.Mo.P
100 0 _aMohammed Elsayed Ahmed Mohammed Elsayed,
_epreparation.
245 1 0 _aPull-out behavior of steel fibers embedded in ordinary and geopolymer mortars /
_cby Mohammed Elsayed Ahmed Mohammed Elsayed ; Supervision Dr. Hatem Hassan Ali Ibrahim, Dr. Mohamed Karam Hussein Ismail.
246 1 5 _aسلوك السحب للألياف الفولاذية المدفونة في المونة العادية والجيوبوليميرية
264 0 _c2025.
300 _a96 pages :
_billustrations ;
_c30 cm. +
_eCD.
336 _atext
_2rda content
337 _aUnmediated
_2rdamedia
338 _avolume
_2rdacarrier
502 _aThesis (M.Sc)-Cairo University, 2025.
504 _aBibliography: pages 88-96.
520 3 _aThis research examines the pull-out behavior of slag-based geopolymer mortars, focusing on how interfacial bond strength is influenced by key parameters such as silicate modulus (Ms), activator-to-binder ratio (A/B), fiber type, and fiber orientation. Unlike studies aiming to enhance mortar strength through fiber reinforcement, this work isolates the fiber–matrix interaction to understand how chemical composition and mechanical variables affect bond performance. Experimental testing includes compressive strength, direct tension, and pull-out tests on dog-bone specimens using single hooked and corrugated steel fibers at various angles. The outcomes aim to clarify how Ms and A/B ratios govern geopolymerization and fiber anchorage, providing insights for optimizing interfacial behavior in eco-friendly, alkali-activated composites.
520 3 _aيبحث هذا العمل في سلوك السحب (Pull-out) للمونة الجيوبوليميرية المعتمدة على خبث الأفران الحبيبي المطحون (GGBFS)، مع التركيز على تأثير مقاومة التماسك البيني الناتجة عن تغير معامل السيليكات (Ms)، ونسبة المنشط إلى الرابط (A/B)، ونوع الألياف واتجاهها. يهدف البحث إلى دراسة التفاعل بين الألياف والمصفوفة بعيدًا عن تعزيز مقاومة المونة الكلية. تضمن البرنامج التجريبي اختبارات الضغط، والشد المباشر، والسحب باستخدام عينات على شكل عظم الكلب مزودة بألياف فولاذية بخطاف منفرد ومتموجة بزوايا مختلفة. وتوضح النتائج أثر التركيب الكيميائي والمتغيرات الميكانيكية على كفاءة التماسك في المواد القلوية المفعّلة الصديقة للبيئة
530 _aIssues also as CD.
546 _aText in English and abstract in Arabic & English.
650 0 _aStructural Engineering
650 0 _aالهندسة الإنشائية
653 1 _aGeopolymer mortar
_aAlkali-activated materials
_aSilicate modulus
_aActivator-to- binder ratio
_aGround granulated blast furnace slag
_aSteel fiber
_aSingle hooked fibers
_aCorrugated fibers
_aFiber orientation angle
_aمونة جيوبوليميرية
_aمواد مُنشَّطة قلويًا
700 0 _aHatem Hassan Ali Ibrahim
_ethesis advisor.
700 0 _aMohamed Karam Hussein Ismail
_ethesis advisor.
900 _b01-01-2025
_cHatem Hassan Ali Ibrahim
_cMohamed Karam Hussein Ismail
_dOsama Abdel-Ghafour Hodhod
_dAmr Amin El-Hefnawy
_UCairo University
_FFaculty of Engineering
_DDepartment of Structural Engineering
905 _aShimaa
_eEman Ghareb
942 _2ddc
_cTH
_e21
_n0
999 _c179316